000 00761nam a2200241Ia 4500
003 OSt
005 20220923213237.0
006 a|||||r|||| 00| 0
007 ta
008 220922b |||||||| |||| 00| 0 hin d
024 _a160,112
037 _cTextual
040 _aARTS
_cARTS
_bhin
041 _2hin
_ahin
082 _aO152,1:g(Y15), J5
100 _aदेवड़ा, हनुवंतसिंह
245 0 _aडिंगल साहित्य में नारी
246 _aḌiangal sāhitya mean nārī
260 _c1955
650 _aहिन्दी साहित्य
_9156264
942 _hO152,1:g(Y15), J5
_cTEXL
_2CC
999 _c314859
_d314859